Vybrané problémy zaistného trhu
Vývoj a vymedzenie zaistenia. Vývoj zaistenia na území bývalého Československa. Definícia zaisťovacej činnosti a pojmov, ktoré sa v problematike zaisťovania vyskytujú. Prenos rizika do zaistenia. Subjekty zaistného trhu. Základné druhy a formy zaistenia. Vybrané trendy zaistného trhu. Zaisťovacia po...
Saved in:
| Main Author: | |
|---|---|
| Format: | Book Chapter |
| Language: | Slovak |
| Subjects: | |
| Tags: |
No Tags, Be the first to tag this record!
|
MARC
| LEADER | 00000naa$a2200000$$$4500 | ||
|---|---|---|---|
| 001 | 0054041 | ||
| 005 | 20240502071627.5 | ||
| 041 | 0 | |a slo | |
| 044 | |a SK | ||
| 245 | 1 | 0 | |a Vybrané problémy zaistného trhu |c Stanislava Veselovská |
| 520 | |a Vývoj a vymedzenie zaistenia. Vývoj zaistenia na území bývalého Československa. Definícia zaisťovacej činnosti a pojmov, ktoré sa v problematike zaisťovania vyskytujú. Prenos rizika do zaistenia. Subjekty zaistného trhu. Základné druhy a formy zaistenia. Vybrané trendy zaistného trhu. Zaisťovacia politika v Európskej únii. Regulácia zaisťovacích činností krajín EÚ Smernicou 2005/68/ES. Nové trendy na poistných a zaistných trhoch EÚ. Aplikácia nových trendov v zaisťovniach. | ||
| 610 | 2 | 0 | |a zaistenie |
| 610 | 2 | 0 | |a zaistníci |
| 610 | 2 | 0 | |a zaisťovatelia |
| 610 | 2 | 0 | |a zaisťovne |
| 610 | 2 | 0 | |a poisťovne |
| 610 | 2 | 0 | |a riziko poistné |
| 610 | 2 | 0 | |a zmluvy poistné |
| 610 | 2 | 0 | |a pohromy živelné |
| 610 | 2 | 0 | |a legislatíva |
| 610 | 2 | 0 | |a harmonizácia |
| 610 | 2 | 0 | |a Európska únia |
| 100 | 1 | |a Veselovská, Stanislava, 1957- | |